| 000 | 01626nam a2200313Ia 4500 | ||
|---|---|---|---|
| 003 | OSt | ||
| 005 | 20211123115037.0 | ||
| 008 | 210310t1988 sp fr 001 0 spa d | ||
| 020 | _a8475304311 | ||
| 040 |
_aCO-JMCR _cCO-JMCR |
||
| 041 | 1 |
_aspa _heng |
|
| 082 | 0 | 4 |
_a338.91 / _bB344c _223 |
| 100 | 1 |
_aBauer, Peter Thomas, _918287 _eautor |
|
| 245 | 1 | 0 |
_aCrítica de la teoría del desarrollo / _cP. T. Bauer ; [traducción de Paolo Donatelli, Graziella Costa y José García-Durán] |
| 260 |
_aBarcelona : _bEdiciones Orbis, S.A., _c©1988 |
||
| 300 |
_a510 páginas ; _c20 cm. |
||
| 490 | 0 | _aBiblioteca de Economía | |
| 500 | _aIncluye notas a pie de página e índice alfabético. Título original: Dissent on development economics and debates in development economics | ||
| 504 | _aBibliografía: páginas 487-492 | ||
| 505 | 0 | _aEl circulo vicioso de la pobreza y la ampliación de la brecha -- Crítica de la teoría del desarrollo -- La economía del resentimiento: colonialismo y subdesarrollo -- El marxismo y los países subdesarrollados -- Perspectivas asiáticos -- Una crítica de la UNCTAD -- La economía como forma de asistencia técnica -- El estudio de las economías subdesarrolladas -- El consenso espúreo y sus antecedentes | |
| 546 | _aTraducido del inglés. | ||
| 650 | 1 | 4 |
_aDesarrollo económico _918289 |
| 650 | 2 | 4 |
_aPaíses en vías de desarrollo _941651 |
| 650 | 2 | 4 |
_aDesarrollo económico y social _941652 |
| 700 | 1 |
_aDonatelli, Paolo, _etraductor _941653 |
|
| 700 | 1 |
_aCosta, Graziella, _etraductora _941654 |
|
| 700 | 1 |
_aGarcía-Durán, José, _etraductor _96115 |
|
| 942 |
_2ddc _cBK |
||
| 999 |
_c8787 _d8787 |
||